000 00717nam a2200193Ia 4500
008 151121s9999||||xx |||||||||||||| ||und||
082 _a801।9/महाम्ब
082 _bHNW-69241
100 _aमहाम्बरे गंगाधर
245 _aसाक्षेपी समीक्षा
260 _b"दिलीपराज प्रकाशन प्रा।लि।, पुणे।"
260 _c--
300 _a280
600 _aमहाम्बरे गंगाधर
630 _aसाक्षेपी समीक्षा
700 _aमहाम्बरे गंगाधर
730 _aसाक्षेपी समीक्षा
942 _cBOOK
999 _c1250728
_d1250725